Statistics for riordanverse ultimate quiz

Click here to take the quiz!

General Stats

  • This quiz has been taken 25 times
  • The average score is 39 of 81

Answer Stats

hiiii :)))answer% Correct
main characterpercy jackson
95%
human parentsally jackson
95%
godly parentposeidon
85%
main character's girlfriendannabeth chase
80%
descendant of the ___ godsea
80%
pjo book 5 titlethe last olympian
80%
pjo book 1 titlethe lightning thief
80%
pjo book 2 titlethe sea of monsters
80%
godly parentathena
75%
pegasus nameblackjack
75%
roman formneptune
75%
speciessatyr
75%
pjo book 4 titlethe battle of the labyrinth
75%
1st human step-parentgabe ugliano
70%
main character's best friendgrover underwood
70%
this character's brothernico di angelo
70%
special itemriptide
70%
pjo book 3 titlethe titan's curse
70%
this character's sisterbianca di angelo
65%
godly parenthades
65%
this character's girlfriendhazel levesque
65%
roman formminerva
65%
godly parentpluto
65%
godly parentaphrodite
60%
this character's in the hunter of _______artemis
60%
godly parentmars
60%
female roman preatorreyna
60%
hoo book 3 titlethe mark of athena
60%
roman formvenus
60%
godly parentzeus
60%
one of the seven (male roman)frank zhang
55%
male roman preatorjason grace
55%
this character's girlfriendjuniper
55%
godly parentjupiter
55%
one of the seven (greek male)leo valdez
55%
hellhound namemrs o'leary
55%
favorite gamemythomagic
55%
2nd human step-parentpaul blofis
55%
this character's sisterthalia grace
55%
hoo book 1 titlethe lost hero
55%
hoo book 2 titlethe son of neptune
55%
she the queen of the _______amazons
50%
powercharmspeak
50%
godly parenthephaestus
50%
role modelpan
50%
fearspiders
50%
hoo book 4 titlethe house of hades
50%
he built the ____ __argo ii
45%
one of the seven (greek female)piper mclean
45%
hoo book 5 titlethe blood of olympus
45%
series on the egyptian mythologythe kane chronicles
45%
series on the god apollothe trials of apollo
45%
roman formvulcan
45%
godly parentbellona
40%
his life is tied to a _____ __ ____piece of wood
40%
powershapeshifting
35%
the first time she went to alaska, what happened?she died
35%
mc book 1 titlethe sword of summer
35%
he was devastated when ______ diedfestus
30%
human parentfrederick chase
30%
tkc book 1 titlethe red pyramid
30%
feardrowning
25%
this character's sisterhylla
25%
series on the norse mythologymagnus chase and the gods of asgard
25%
mc book 2 titlethe hammer of thor
25%
toa book 1 titlethe hidden oracle
25%
tkc book 3 titlethe serpent's shadow
25%
mc book 3 titlethe ship of the dead
25%
who owned this daggerhelen of troy
20%
toa book 3 titlethe burning maze
20%
toa book 5 titlethe tower of nero
20%
next mythology rick is going to write aboutirish
15%
toa book 2 titlethe dark prophecy
15%
tkc book 2 titlethe throne of fire
15%
toa book 4 titlethe tyrant's tomb
15%
dagger's namekatoptris
5%
favorite foodenchilladas, tin can
0%
special iteminvisible baseball cap
0%
he was amechanical dragon
0%
special giftprecious stones, gold
0%
special abilitywakes the dead
0%

Score Distribution

Percentile by Number Answered

Percent of People with Each Score

Your Score History

You have not taken this quiz